Statistics for Guess the movie- Synonym Edition

Click here to take the quiz!

General Stats

  • This quiz has been taken 14 times
  • The average score is 2 of 15

Answer Stats

SynonymAnswer% Correct
Unkind SchoolgirlsMean Girls
83%
PonderWonder
50%
DumbfoundedClueless
17%
Identification CriminalIdentity Thief
17%
Countrywide ProtectionNational Security
17%
Tone ExemplaryPitch Perfect
17%
Curtain IsleShutter Island
17%
Chick ContainerBird Box
0%
MergeBlended
0%
Solid CattlemanConcrete Cowboy
0%
EnteringIncoming
0%
Speedy HouseholdInstant Family
0%
Executive ClassifiedOfficial Secrets
0%
ObstructSabotage
0%
Hour CageTime Trap
0%

Score Distribution

Percentile by Number Answered

Percent of People with Each Score

Your Score History

You have not taken this quiz